[Event "BIH-chT 22nd"]
[White "Muratovic, Efim"]
[Black "Komic, Ibrahim"]
[Site "Neum"]
[Round "2.6"]
[Result "1-0"]
[Date "2024.09.02"]
[WhiteElo "2341"]
[BlackElo "2216"]
[PlyCount "107"]
[EventDate "2024.09.01"]
[EventType "team-tourn"]
[EventRounds "9"]
[EventCountry "BIH"]
[SourceTitle "EXT 2025"]
[Source "ChessBase"]
[SourceDate "2024.10.14"]
[SourceVersion "1"]
[SourceVersionDate "2024.10.14"]
[SourceQuality "1"]

1. d4 Nf6 2. Nf3 d6 3. Bf4 Bg4 4. c3 Nbd7 5. Nbd2 g6 6. h3 Bxf3 7. Nxf3 Bg7 8. e3 0-0 9. Bc4 d5 10. Be2 c6 11. 0-0 Ne4 12. a4 f6 13. c4 e6 14. a5 a6 15. Qb3 Ra7 16. Rfd1 Re8 17. Nd2 Nxd2 18. Rxd2 Bf8 19. Bf3 f5 20. g4 Nf6 21. gxf5 dxc4 22. Qb6 Qxb6 23. axb6 Raa8 24. fxg6 Nd5 25. gxh7+ Kxh7 26. Bg3 Nxb6 27. Rc2 Rac8 28. Ra5 Bb4 29. Re5 Nd7 30. Rh5+ Kg6 31. Rxc4 Be7 32. Ra5 Nf6 33. Kf1 Bd8 34. Ra1 Bc7 35. Bxc7 Rxc7 36. Ke2 Rd7 37. Rc5 Rh7 38. Rg1+ Kf7 39. Rcg5 Rg8 40. Rxg8 Nxg8 41. Rg3 Nf6 42. Kd3 Rh8 43. Kc4 Nd7 44. Bg2 a5 45. Rg5 b5+ 46. Kd3 Rc8 47. h4 Ke7 48. Rg7+ Kd6 49. e4 Rf8 50. e5+ Kc7 51. Ke3 a4 52. Bh3 Re8 53. h5 Kd8 54. h6 1-0

[Event "BIH-chT1A 28th"]
[White "Mesic, Merim"]
[Black "Komic, Ibrahim"]
[Site "Mostar"]
[Round "6.4"]
[Result "0-1"]
[Date "2021.08.09"]
[WhiteElo "1773"]
[BlackElo "2204"]
[PlyCount "90"]
[EventDate "2021.08.06"]
[EventType "team-tourn"]
[EventRounds "9"]
[EventCountry "BIH"]
[SourceTitle "CBM 203 Extra"]
[Source "ChessBase"]
[SourceDate "2021.09.30"]
[SourceVersion "1"]
[SourceVersionDate "2021.09.30"]
[SourceQuality "1"]
[WhiteTeam "Gracanica"]
[BlackTeam "Cazin Ljiljan"]
[WhiteTeamCountry "BIH"]
[BlackTeamCountry "BIH"]

1. d4 c5 2. e3 Nf6 3. Nf3 d5 4. b3 Bg4 5. Be2 e6 6. Bb2 Nc6 7. 0-0 Rc8 8. h3 Bxf3 9. Bxf3 cxd4 10. exd4 Be7 11. c3 0-0 12. Re1 Ne8 13. Nd2 Bf6 14. Be2 Nd6 15. Bg4 g6 16. f4 h5 17. Be2 Bh4 18. Rf1 f5 19. Kh2 Ne4 20. Nxe4 fxe4 21. g3 Bf6 22. Rg1 Qd6 23. a4 Be7 24. Bc1 Kg7 25. Qd2 Rh8 26. Ba3 Qd7 27. b4 Bd6 28. Raf1 Ne7 29. g4 hxg4 30. Bxg4 Nf5 31. Bxf5 exf5 32. Bc1 Qxa4 33. Rg3 Rh6 34. Qg2 Rch8 35. Rg1 Qe8 36. Qd2 a6 37. Qe2 Qe6 38. b5 a5 39. c4 Kf7 40. c5 Bb8 41. b6 a4 42. Qb5 Qc6 43. Qxc6 bxc6 44. Ra3 Rh4 45. Kg2 Bxf4 0-1

[Event "BIH-chT1A 28th"]
[White "Komic, Ibrahim"]
[Black "Mrndjic, Muamer"]
[Site "Mostar"]
[Round "3.2"]
[Result "0-1"]
[Date "2021.08.07"]
[WhiteElo "2204"]
[BlackElo "2257"]
[PlyCount "70"]
[EventDate "2021.08.06"]
[EventType "team-tourn"]
[EventRounds "9"]
[EventCountry "BIH"]
[SourceTitle "CBM 203 Extra"]
[Source "ChessBase"]
[SourceDate "2021.09.30"]
[SourceVersion "1"]
[SourceVersionDate "2021.09.30"]
[SourceQuality "1"]
[WhiteTeam "Cazin Ljiljan"]
[BlackTeam "Konjic Igman"]
[WhiteTeamCountry "BIH"]
[BlackTeamCountry "BIH"]

1. c4 e6 2. Nf3 Nf6 3. d4 d5 4. Bg5 Nbd7 5. e3 Be7 6. Nc3 0-0 7. cxd5 exd5 8. Bd3 c6 9. Qc2 h6 10. Bf4 Re8 11. h3 Nf8 12. 0-0 Be6 13. Rab1 a5 14. a3 b5 15. Ne5 Qb6 16. Rfc1 Rec8 17. Qe2 N6d7 18. Nf3 Nf6 19. Rc2 N8d7 20. Rbc1 Qb7 21. Nb1 Nb6 22. Ne5 Nc4 23. a4 Nxe5 24. dxe5 Nd7 25. b3 bxa4 26. bxa4 c5 27. Bb5 c4 28. e4 dxe4 29. Bxc4 Nc5 30. Bxe6 fxe6 31. Qc4 Kf7 32. Qb5 Qxb5 33. axb5 Rd8 34. Be3 Nd3 35. Rf1 Nb4 0-1

[Event "BIH-chT1A 28th"]
[White "Komic, Ibrahim"]
[Black "Zlobec, Srdjan"]
[Site "Mostar"]
[Round "1.3"]
[Result "1/2-1/2"]
[Date "2021.08.06"]
[WhiteElo "2204"]
[BlackElo "2119"]
[PlyCount "48"]
[EventDate "2021.08.06"]
[EventType "team-tourn"]
[EventRounds "9"]
[EventCountry "BIH"]
[SourceTitle "CBM 203 Extra"]
[Source "ChessBase"]
[SourceDate "2021.09.30"]
[SourceVersion "1"]
[SourceVersionDate "2021.09.30"]
[SourceQuality "1"]
[WhiteTeam "Cazin Ljiljan"]
[BlackTeam "Mostar Zrinjski"]
[WhiteTeamCountry "BIH"]
[BlackTeamCountry "BIH"]

1. Nf3 Nf6 2. g3 g6 3. b3 Bg7 4. Bb2 d6 5. d4 0-0 6. Bg2 c5 7. 0-0 Nc6 8. c4 cxd4 9. Nxd4 Bd7 10. Nc3 Nxd4 11. Qxd4 Bc6 12. Qd2 Qa5 13. Rfd1 Rfc8 14. Nd5 Qxd2 15. Rxd2 Nxd5 16. Bxg7 Kxg7 17. Bxd5 Rab8 18. a4 b6 19. f4 Bxd5 20. Rxd5 Rc5 21. Rad1 f5 22. Kf2 Rbc8 23. e4 fxe4 24. Ke3 Kf6 1/2-1/2

[Event "BIH-chT1"]
[White "Komic, Ibrahim"]
[Black "Hadzic, Latif"]
[Site "Bosanska Krupa"]
[Round "7"]
[Result "1/2-1/2"]
[Date "2018.08.29"]
[WhiteElo "2193"]
[BlackElo "2053"]
[PlyCount "40"]
[EventDate "2018.08.25"]
[EventType "tourn"]
[EventRounds "9"]
[EventCountry "BIH"]
[SourceTitle "CBM 186 Extra"]
[Source "ChessBase"]
[SourceDate "2018.08.24"]
[SourceVersion "1"]
[SourceVersionDate "2018.08.24"]
[SourceQuality "1"]

1. d4 c5 2. d5 e5 3. e4 d6 4. Nc3 g6 5. Nf3 Bg7 6. Bc4 Nd7 7. a4 Ne7 8. h4 a6 9. Be2 Nf6 10. Nd2 h5 11. a5 Bd7 12. Nc4 Nc8 13. f3 Bb5 14. Be3 Bh6 15. Bxh6 Rxh6 16. Qd2 Rh7 17. g3 Ng8 18. 0-0 Bxc4 19. Bxc4 Rg7 20. Kh2 f6 1/2-1/2

[Event "BIH-chT1"]
[White "Jovanovic, Nenad1"]
[Black "Komic, Ibrahim"]
[Site "Bosanska Krupa"]
[Round "6"]
[Result "0-1"]
[Date "2018.08.28"]
[WhiteElo "2069"]
[BlackElo "2193"]
[PlyCount "94"]
[EventDate "2018.08.25"]
[EventType "tourn"]
[EventRounds "9"]
[EventCountry "BIH"]
[SourceTitle "CBM 186 Extra"]
[Source "ChessBase"]
[SourceDate "2018.08.24"]
[SourceVersion "1"]
[SourceVersionDate "2018.08.24"]
[SourceQuality "1"]

1. d4 c5 2. Nf3 cxd4 3. Nxd4 d5 4. g3 e5 5. Nb3 Nc6 6. Bg2 Be6 7. 0-0 h6 8. Be3 d4 9. Bd2 Nf6 10. c3 Bd5 11. cxd4 Bxg2 12. Kxg2 exd4 13. e3 dxe3 14. Bxe3 Qd5+ 15. Qf3 0-0-0 16. Nc3 Qxf3+ 17. Kxf3 Bb4 18. Rad1 Bxc3 19. bxc3 Nd5 20. Bd4 Nxd4+ 21. cxd4 b6 22. a4 Kb7 23. a5 Rc8 24. Rc1 f5 25. h4 Rxc1 26. Rxc1 Rc8 27. Rxc8 Kxc8 28. axb6 axb6 29. g4 fxg4+ 30. Kxg4 Ne7 31. Kf3 Kd7 32. Ke4 Ke6 33. Nd2 Nd5 34. Nf3 b5 35. Nd2 Nf6+ 36. Kd3 Kf5 37. f3 Kf4 38. Ke2 g6 39. Kd3 Nd5 40. Ke2 Kg3 41. Ne4+ Kxh4 42. Kd3 h5 43. Nc3 Nxc3 44. Kxc3 Kg5 45. Kb4 Kf6 46. Kxb5 Ke7 47. Kc6 Kd8 0-1

[Event "BIH-chT1A 22nd"]
[White "Komic, Ibrahim"]
[Black "Hadzovic, Amir"]
[Site "Tuzla"]
[Round "9.1"]
[Result "1/2-1/2"]
[Date "2015.10.21"]
[WhiteElo "2231"]
[BlackElo "2218"]
[PlyCount "31"]
[EventDate "2015.10.16"]
[EventType "tourn"]
[EventRounds "9"]
[EventCountry "BIH"]
[SourceTitle "CBM 169 Extra"]
[Source "ChessBase"]
[SourceDate "2015.12.18"]
[SourceVersion "1"]
[SourceVersionDate "2015.12.18"]
[SourceQuality "1"]

1. Nf3 Nf6 2. g3 d6 3. d4 c6 4. Bg2 g6 5. 0-0 Bg7 6. b3 0-0 7. Bb2 Qa5 8. Nbd2 Qh5 9. e4 Bg4 10. Qe2 e5 11. dxe5 dxe5 12. Nc4 Nbd7 13. Ne3 Be6 14. Nc4 Bg4 15. Ne3 Be6 16. Nc4 1/2-1/2

[Event "BIH-chT 14th"]
[White "Marjanovic, Dejan"]
[Black "Komic, Ibrahim"]
[Site "Prijedor"]
[Round "1.1"]
[Result "1-0"]
[Date "2015.09.05"]
[WhiteElo "2360"]
[BlackElo "2218"]
[PlyCount "43"]
[EventDate "2015.09.05"]
[EventType "team-tourn"]
[EventRounds "9"]
[EventCountry "BIH"]
[SourceTitle "EXT 2016"]
[Source "ChessBase"]
[SourceDate "2015.10.08"]
[SourceVersion "1"]
[SourceVersionDate "2015.10.08"]
[SourceQuality "1"]
[WhiteTeam "Sarajevo Bosna"]
[BlackTeam "Bihac"]
[WhiteTeamCountry "BIH"]
[BlackTeamCountry "BIH"]

1. d4 d6 2. c4 e5 3. Nc3 Nd7 4. d5 f5 5. e4 Nc5 6. exf5 Bxf5 7. Be3 Nd7 8. Nge2 Be7 9. Ng3 Bg6 10. Bd3 Bxd3 11. Qxd3 Ngf6 12. 0-0 0-0 13. Rae1 Ng4 14. Nce4 Nxe3 15. fxe3 Bh4 16. Rxf8+ Nxf8 17. c5 Bxg3 18. hxg3 dxc5 19. d6 Nd7 20. Qd5+ Kh8 21. Qxb7 Rb8 22. dxc7 1-0

[Event "Bihac-chT1"]
[White "Komic, Ibrahim"]
[Black "Delic, Jasmin"]
[Site "Bihac"]
[Round "4"]
[Result "1/2-1/2"]
[Date "2014.08.25"]
[WhiteElo "2215"]
[BlackElo "1926"]
[PlyCount "35"]
[EventDate "2014.08.23"]
[EventType "swiss"]
[EventRounds "9"]
[EventCountry "BIH"]
[SourceTitle "EXT 2015"]
[Source "ChessBase"]
[SourceDate "2014.11.20"]
[SourceVersion "1"]
[SourceVersionDate "2014.11.20"]
[SourceQuality "1"]

1. Nf3 d5 2. c4 c6 3. e3 Nf6 4. Nc3 e6 5. b3 Bd6 6. Bb2 Nbd7 7. Qc2 0-0 8. Be2 b6 9. cxd5 exd5 10. 0-0 Nc5 11. b4 Ne6 12. a3 a5 13. b5 c5 14. Na4 Nd7 15. h3 Bb7 16. Nh4 Be5 17. f4 Bxb2 18. Qxb2 1/2-1/2

[Event "BIH-chT 9th"]
[White "Trkulja, Goran"]
[Black "Komic, Ibrahim"]
[Site "Bihac"]
[Round "2"]
[Result "1-0"]
[Date "2010.06.06"]
[WhiteElo "2343"]
[BlackElo "2234"]
[PlyCount "79"]
[EventDate "2010.06.05"]
[EventType "team-tourn"]
[EventRounds "9"]
[EventCountry "BIH"]
[SourceTitle "EXT 2019"]
[Source "ChessBase"]
[SourceDate "2018.10.10"]
[SourceVersion "1"]
[SourceVersionDate "2018.10.10"]
[SourceQuality "1"]
[WhiteTeam "Zenica Celik"]
[BlackTeam "Cazin Ljiljan"]
[WhiteTeamCountry "BIH"]
[BlackTeamCountry "BIH"]

1. e4 Nf6 2. Nc3 d5 3. e5 Ne4 4. Nxe4 dxe4 5. d4 exd3 6. Bxd3 Nc6 7. Qe2 Qd5 8. f4 Nd4 9. Qe4 Qxe4+ 10. Bxe4 Bf5 11. Bxf5 Nxf5 12. Nf3 e6 13. Ke2 0-0-0 14. Be3 Nxe3 15. Kxe3 Be7 16. Rad1 Rxd1 17. Rxd1 Rd8 18. Rxd8+ Kxd8 19. g4 Kd7 20. Ke4 a6 21. f5 Ke8 22. Kf4 h6 23. Ke4 Kd7 24. Nd4 Bg5 25. Ne2 Ke8 26. b3 Kd7 27. Ng3 Ke8 28. Nh5 exf5+ 29. gxf5 g6 30. Ng3 Be7 31. f6 Bf8 32. Ne2 Bc5 33. Nf4 c6 34. h3 Ba3 35. Nd3 Bf8 36. a4 Kd7 37. Nf4 Ba3 38. c3 Bc5 39. e6+ fxe6 40. f7 1-0

[Event "BIH-chT1"]
[White "Iveljic, Igor"]
[Black "Komic, Ibrahim"]
[Site "Neum"]
[Round "9.5"]
[Result "1/2-1/2"]
[Date "2008.08.29"]
[WhiteElo "2280"]
[BlackElo "2226"]
[PlyCount "69"]
[EventDate "2008.08.23"]
[EventType "team-tourn"]
[EventRounds "9"]
[EventCountry "BIH"]
[SourceTitle "CBM 126 Extra"]
[Source "ChessBase"]
[SourceDate "2008.11.05"]
[SourceVersion "1"]
[SourceVersionDate "2008.11.05"]
[SourceQuality "1"]

1. e4 Nf6 2. e5 Nd5 3. d4 d6 4. Nf3 Bg4 5. Be2 c6 6. 0-0 Bxf3 7. Bxf3 dxe5 8. dxe5 e6 9. c4 Ne7 10. Be4 Qxd1 11. Rxd1 Nd7 12. f4 Nf5 13. Bxf5 exf5 14. Be3 Bc5 15. Kf2 0-0-0 16. Nc3 Bxe3+ 17. Kxe3 f6 18. exf6 Nxf6 19. Kf3 Rxd1 20. Rxd1 Rd8 21. Rxd8+ Kxd8 22. h3 Ke7 23. Ke3 Ke6 24. Ne2 Kd6 25. Kd4 c5+ 26. Ke3 a6 27. Nc3 Kc6 28. Kd3 Kd6 29. b3 Kc6 30. a3 Kd6 31. Ke3 Kc6 32. Kd3 Kd6 33. Nd1 Nh5 34. Ke3 Ke6 35. Nc3 1/2-1/2

[Event "BIH-chT1"]
[White "Komic, Ibrahim"]
[Black "Burovic, Ismet"]
[Site "Neum"]
[Round "8.1"]
[Result "0-1"]
[Date "2008.08.28"]
[WhiteElo "2226"]
[BlackElo "2363"]
[PlyCount "78"]
[EventDate "2008.08.23"]
[EventType "team-tourn"]
[EventRounds "9"]
[EventCountry "BIH"]
[SourceTitle "CBM 126 Extra"]
[Source "ChessBase"]
[SourceDate "2008.11.05"]
[SourceVersion "1"]
[SourceVersionDate "2008.11.05"]
[SourceQuality "1"]

1. d4 Nf6 2. c4 g6 3. Nc3 Bg7 4. e4 d6 5. Be2 0-0 6. g4 c5 7. g5 Ne8 8. d5 e6 9. h4 exd5 10. cxd5 a6 11. a4 Nd7 12. h5 Qe7 13. Qd3 Rb8 14. hxg6 fxg6 15. f4 Rf7 16. Bg4 c4 17. Qe3 Nc5 18. Bxc8 Rxc8 19. Nge2 Bxc3+ 20. Nxc3 Nd3+ 21. Kd1 Rxf4 22. Rg1 Rf7 23. Kc2 Ng7 24. Bd2 Nh5 25. Raf1 Rcf8 26. Rxf7 Rxf7 27. Nd1 b5 28. b4 bxa4 29. Qd4 Ne5 30. Rg2 Qa7 31. Qxa7 Rxa7 32. Be3 Rf7 33. Kc3 Rf3 34. Ra2 Ng3 35. Rxa4 Nf1 36. Kd4 c3 37. Rxa6 c2 38. Ra1 cxd1Q+ 39. Rxd1 Nxe3 0-1

[Event "BIH-chT1"]
[White "Bajramovic, Halid"]
[Black "Komic, Ibrahim"]
[Site "Neum"]
[Round "3.3"]
[Result "1/2-1/2"]
[Date "2008.08.24"]
[WhiteElo "2212"]
[BlackElo "2226"]
[PlyCount "25"]
[EventDate "2008.08.23"]
[EventType "team-tourn"]
[EventRounds "9"]
[EventCountry "BIH"]
[SourceTitle "CBM 126 Extra"]
[Source "ChessBase"]
[SourceDate "2008.11.05"]
[SourceVersion "1"]
[SourceVersionDate "2008.11.05"]
[SourceQuality "1"]

1. d4 Nf6 2. c4 e6 3. Nf3 Bb4+ 4. Bd2 Qe7 5. Nc3 b6 6. g3 Bb7 7. Bg2 Ne4 8. Nxe4 Bxe4 9. 0-0 Bxd2 10. Qxd2 f5 11. Rfd1 d6 12. b4 0-0 13. Rac1 1/2-1/2

[Event "Zagreb op-B"]
[White "Komic, Ibrahim"]
[Black "Miletic, Josip"]
[Site "Zagreb"]
[Round "9"]
[Result "1/2-1/2"]
[Date "2008.05.19"]
[WhiteElo "2215"]
[BlackElo "2228"]
[PlyCount "64"]
[EventDate "2008.05.12"]
[EventType "swiss"]
[EventRounds "9"]
[EventCountry "CRO"]
[SourceTitle "CBM 124 Extra"]
[Source "ChessBase"]
[SourceDate "2008.07.03"]
[SourceVersion "1"]
[SourceVersionDate "2008.07.03"]
[SourceQuality "1"]

1. Nf3 Nf6 2. g3 d5 3. Bg2 Nbd7 4. d4 e6 5. 0-0 Bd6 6. c4 c6 7. Nc3 0-0 8. Nd2 Re8 9. e4 dxe4 10. Ndxe4 Be7 11. Bf4 Nxe4 12. Nxe4 Nf6 13. Nc3 Nd7 14. Qe2 Bf6 15. Be5 a6 16. Rad1 Qa5 17. Bxf6 Nxf6 18. f4 Bd7 19. Rd2 Rad8 20. a3 b5 21. Ne4 Nxe4 22. Bxe4 bxc4 23. Rc2 c5 24. Qxc4 cxd4 25. Qxd4 Ba4 26. Qc5 Qxc5+ 27. Rxc5 Rd2 28. b4 Red8 29. Rfc1 g6 30. Rc8 Rxc8 31. Rxc8+ Kg7 32. Bb7 Bb5 1/2-1/2

[Event "BIH CFFBH-chT1"]
[White "Komic, Ibrahim"]
[Black "Burovic, Ismet"]
[Site "Neum"]
[Round "5"]
[Result "0-1"]
[Date "2007.08.28"]
[WhiteElo "2249"]
[BlackElo "2340"]
[PlyCount "90"]
[EventDate "2007.08.25"]
[EventType "team-tourn"]
[EventRounds "9"]
[EventCountry "BIH"]
[SourceTitle "EXT 2023"]
[Source "ChessBase"]
[SourceDate "2022.10.05"]
[SourceVersion "1"]
[SourceVersionDate "2022.10.05"]
[SourceQuality "1"]

1. Nf3 g6 2. d4 Bg7 3. e4 d6 4. c3 Nf6 5. Bd3 0-0 6. 0-0 Nc6 7. Nbd2 Re8 8. Re1 e5 9. dxe5 Nxe5 10. Nxe5 Rxe5 11. Nf3 Re8 12. h3 Bd7 13. e5 dxe5 14. Nxe5 Be6 15. Bf4 Nd5 16. Bg3 Qe7 17. Bc4 Qc5 18. Bb3 Nxc3 19. bxc3 Bxb3 20. Qxb3 Bxe5 21. Bxe5 Rxe5 22. Rxe5 Qxe5 23. Qxb7 Rd8 24. Qxa7 Qxc3 25. Rb1 Kg7 26. Qe3 Rd3 27. Qc1 Qe5 28. a4 c5 29. a5 Qd4 30. Qb2 Rd1+ 31. Kh2 Rxb1 32. Qxb1 c4 33. a6 Qd6+ 34. Kg1 Qxa6 35. Qb4 Qa1+ 36. Kh2 Qd4 37. f3 h5 38. Kh1 Qd3 39. Qc5 c3 40. Qe5+ Kh7 41. Qc7 Qb1+ 42. Kh2 Qb3 43. h4 c2 44. Kg3 Kg7 45. Qe5+ Kg8 0-1

[Event "Pula op 21st"]
[White "Komic, Ibrahim"]
[Black "Barle, Janez"]
[Site "Pula"]
[Round "3"]
[Result "1/2-1/2"]
[Date "2007.06.25"]
[WhiteElo "2259"]
[BlackElo "2400"]
[PlyCount "92"]
[EventDate "2007.06.23"]
[EventType "swiss"]
[EventRounds "9"]
[EventCountry "CRO"]
[SourceTitle "CBM 119 Extra"]
[Source "ChessBase"]
[SourceDate "2007.09.04"]
[SourceVersion "1"]
[SourceVersionDate "2007.09.04"]
[SourceQuality "1"]

1. Nf3 d5 2. d3 Nc6 3. g3 Bg4 4. h3 Bxf3 5. exf3 e6 6. f4 g6 7. Bg2 Bg7 8. 0-0 Nge7 9. Nd2 a5 10. a4 0-0 11. Re1 d4 12. Nc4 Nd5 13. Bd2 b6 14. Ne5 Nxe5 15. fxe5 Qd7 16. Qg4 c5 17. Bxd5 Qxd5 18. Qe4 c4 19. dxc4 Qxc4 20. Bc3 Bxe5 21. Qxe5 dxc3 22. b3 Qc6 23. Re3 Rac8 24. Rd1 Rfd8 25. Red3 Rxd3 26. Rxd3 h6 27. h4 h5 28. Qd4 Kf8 29. Qe5 Ke7 30. Qg5+ Ke8 31. Qe5 Ke7 32. Qg5+ Kf8 33. Qe5 Kg8 34. Qd4 Qc7 35. Qf6 Qc5 36. Kg2 e5 37. Rd6 Rb8 38. Kg1 Qa3 39. Qxe5 Qc1+ 40. Kg2 Qxc2 41. Rc6 Rd8 42. Qxc3 Qe4+ 43. Kh2 Qf5 44. Kg2 Qe4+ 45. Kh2 Qe2 46. Kg2 Qe4+ 1/2-1/2